Impacto de la urbanización en los centros históricos de Iberoamérica (Record no. 11434)

MARC details
000 -LEADER
campo de control de longitud fija 01083nam a2200301 i 4500
001 - NÚMERO DE CONTROL
campo de control 11434
003 - IDENTIFICADOR DE NÚMERO DE CONTROL
campo de control ES-MaACL
005 - FECHA Y HORA DE LA ÚLTIMA TRANSACCIÓN
campo de control 20230906150112.0
007 - CAMPO FIJO DE DESCRIPCIÓN FÍSICA--INFORMACIÓN GENERAL
campo de control de longitud fija t|
008 - DATOS DE LONGITUD FIJA--INFORMACIÓN GENERAL
campo de control de longitud fija 921020s1992 sp a |||| | spa
020 ## - NÚMERO INTERNACIONAL ESTÁNDAR DEL LIBRO
Número Internacional Estándar del Libro 84-7100-363-5
080 ## - NÚMERO DE LA CLASIFICACIÓN DECIMAL UNIVERSAL
Número de la Clasificación Decimal Universal 72.025(8=6)
080 ## - NÚMERO DE LA CLASIFICACIÓN DECIMAL UNIVERSAL
Número de la Clasificación Decimal Universal 711.4(8=6)
100 1# - ENTRADA PRINCIPAL--NOMBRE DE PERSONA
Nombre de persona Hardoy, Jorge Enrique.
9 (RLIN) 61821
245 10 - MENCIÓN DEL TÍTULO
Título Impacto de la urbanización en los centros históricos de Iberoamérica
Resto del título : tendencias y perspectivas /
Mención de responsabilidad, etc. Jorge Enrique Hardoy, Margarita Gutman ; con la colaboración de Sylvio Mutal.
260 ## - PUBLICACIÓN, DISTRIBUCIÓN, ETC.
Lugar de publicación, distribución, etc. Madrid :
Nombre del editor, distribuidor, etc. MAPFRE,
Fecha de publicación, distribución, etc. [1992]
300 ## - DESCRIPCIÓN FÍSICA
Extensión 536 p :
Otras características físicas il ;
Dimensiones 23 cm.
490 1# - MENCIÓN DE SERIE
Mención de serie Ciudades de Iberoamérica ;
Designación de volumen o secuencia 15
504 ## - NOTA DE BIBLIOGRAFÍA, ETC.
Nota de bibliografía, etc. Bibliografía: p. [519]-536.
650 14 - PUNTO DE ACCESO ADICIONAL DE MATERIA--TÉRMINO DE MATERIA
Término de materia o nombre geográfico como elemento de entrada Centros históricos-
Subdivisión general Preservación-
Subdivisión geográfica América latina.
9 (RLIN) 149678
650 ## - PUNTO DE ACCESO ADICIONAL DE MATERIA--TÉRMINO DE MATERIA
Término de materia o nombre geográfico como elemento de entrada Urbanismo-
Subdivisión geográfica América Latina.
9 (RLIN) 17694
650 #4 - PUNTO DE ACCESO ADICIONAL DE MATERIA--TÉRMINO DE MATERIA
Término de materia o nombre geográfico como elemento de entrada Urbanización-
Subdivisión geográfica América Latina.
9 (RLIN) 167706
700 1# - ENTRADA AGREGADA--NOMBRE PERSONAL
Nombre de persona Gutman, Margarita.
9 (RLIN) 61243
700 1# - ENTRADA AGREGADA--NOMBRE PERSONAL
Nombre de persona Mutal, Sylvio.
9 (RLIN) 84722
830 1# - PUNTO DE ACCESO ADICIONAL DE SERIE-TÍTULO UNIFORME
Título uniforme Ciudades de Iberoamérica ;
Designación de volumen o secuencia 15
9 (RLIN) 179073
852 ## - LOCALIZACIÓN
Ubicación ES-MaACL
Número de control de estantería L-18759
Holdings
Estatus retirado Estado de pérdida Estado de daño No para préstamo Biblioteca de origen Biblioteca actual Ubicación en estantería Fecha de adquisición Fuente de adquisición Total de préstamos Signatura topográfica completa Código de barras Visto por última vez Precio de reemplazo Tipo de ítem Koha
        Biblioteca del Ateneo de Madrid Biblioteca del Ateneo de Madrid Depósito 2 17/01/2008     L-18759 1011657 23/02/2023 23/02/2023 Libro impreso